[Event "Nordic Chess-ch 2019"]
[Site "Sarpsborg"]
[Date "2019.06.22"]
[Round "3.24"]
[White "Blauhut, Holger"]
[Black "Dingertz, Filip"]
[Result "1-0"]
[WhiteElo "2041"]
[BlackElo "1111"]
[Annotator "NA"]
[PlyCount "99"]
[EventDate "2019.06.21"]
[EventType "swiss"]
[EventCountry "NOR"]
[SourceTitle "playchess.com"]
[Source "ChessBase"]
[SourceQuality "1"]
[TimeControl "40/5400+30:1800+30"]

1. e4 {[%emt 1:30:30]} e5 {[%emt 0:00:00]} 2. Nf3 {[%emt 0:00:00]} Nc6 {[%emt 0:00:30]} 3. Bc4 {[%emt 0:00:00]} Bc5 {[%emt 0:00:59]} 4. c3 {[%emt 0:00:00]} Nf6 {[%emt 0:00:15]} 5. d3 {[%emt 0:00:00]} O-O {[%emt 0:01:09]} 6. Bb3 {[%emt 0:00:00]} h6 {[%emt 0:02:05]} 7. h3 {[%emt 0:00:00]} b6 {[%emt 0:11:26]} 8. Nbd2 {[%emt 0:00:00]} Ba6 {[%emt 0:04:29]} 9. Bc2 {[%emt 0:00:00]} d5 {[%emt 0:03:25]} 10. exd5 {[%emt 0:00:00]} Qxd5 {[%emt 0:00:48]} 11. b4 {[%emt 0:00:00]} Bxf2+ {[%emt 0:09:44]} 12. Kxf2 {[%emt 0:00:00]} Bxd3 {[%emt 0:00:25]} 13. c4 {[%emt 0:00:00]} Qd7 {[%emt 0:02:39]} 14. Bxd3 {[%emt 0:00:00]} Qxd3 {[%emt 0:00:13]} 15. Qb3 {[%emt 0:00:00]} Qd6 {[%emt 0:00:44]} 16. Ba3 {[%emt 0:00:00]} Nd4 {[%emt 0:01:38]} 17. Nxd4 {[%emt 0:00:00]} Qxd4+ {[%emt 0:00:14]} 18. Qe3 {[%emt 0:00:00]} Qd7 {[%emt 0:01:53]} 19. Rhf1 {[%emt 0:00:00]} Rad8 {[%emt 0:01:45]} 20. Rad1 {[%emt 0:00:00]} Rfe8 {[%emt 0:02:10]} 21. Kg1 {[%emt 0:00:00]} Qe6 {[%emt 0:03:21]} 22. Ne4 {[%emt 0:00:00]} Rxd1 {[%emt 0:00:56]} 23. Rxd1 {[%emt 0:00:00]} Kh7 {[%emt 0:00:54]} 24. Nxf6+ {[%emt 0:00:00]} gxf6 {[%emt 0:00:57]} 25. Qd3+ {[%emt 0:00:00]} f5 {[%emt 0:01:12]} 26. Qd7 {[%emt 0:00:00]} Qxd7 {[%emt 0:00:44]} 27. Rxd7 {[%emt 0:00:00]} Kg6 {[%emt 0:00:34]} 28. Kf2 {[%emt 0:00:00]} e4 {[%emt 0:01:02]} 29. Ke2 {[%emt 0:00:00]} f4 {[%emt 0:00:23]} 30. Rxc7 {[%emt 0:00:00]} a6 {[%emt 0:00:46]} 31. Rc6+ {[%emt 0:00:00]} Kg5 {[%emt 0:00:24]} 32. Bc1 {[%emt 0:00:00]} b5 {[%emt 0:00:53]} 33. cxb5 {[%emt 0:00:00]} axb5 {[%emt 0:00:24]} 34. Rc5+ {[%emt 0:00:00]} f5 {[%emt 0:00:21]} 35. Rxb5 {[%emt 0:00:00]} e3 {[%emt 0:00:20]} 36. a4 {[%emt 0:00:00]} Rc8 {[%emt 0:00:18]} 37. Rc5 {[%emt 0:00:00]} Ra8 {[%emt 0:01:56]} 38. a5 {[%emt 0:00:00]} Rb8 {[%emt 0:00:08]} 39. b5 {[%emt 0:00:00]} Ra8 {[%emt 0:00:08]} 40. b6 {[%emt 0:00:00]} Rb8 {[%emt 0:00:44]} 41. Rc6 {[%emt 0:30:15]} Ra8 {[%emt 0:30:57]} 42. b7 {[%emt 0:00:10]} Rb8 {[%emt 0:00:05]} 43. a6 {[%emt 0:00:04]} Rg8 {[%emt 0:00:57]} 44. Rc8 {[%emt 0:00:32]} Rg6 {[%emt 0:00:13]} 45. a7 {[%emt 0:00:17]} Kh4 {[%emt 0:00:16]} 46. Bxe3 {[%emt 0:00:40]} fxe3 {[%emt 0:00:32]} 47. b8=Q {[%emt 0:00:20]} Rxg2+ {[%emt 0:00:18]} 48. Kxe3 {[%emt 0:00:07]} Rg3+ {[%emt 0:01:51]} 49. Qxg3+ {[%emt 0:00:07]} Kxg3 {[%emt 0:00:09]} 50. Rg8+ {[%emt 0:00:06]} 1-0

[Event "Nordic Chess-ch 2019"]
[Site "Sarpsborg"]
[Date "2019.06.22"]
[Round "3.25"]
[White "Asbjornsen, Jakob"]
[Black "Tunsjo, Axel"]
[Result "0-1"]
[WhiteElo "1359"]
[BlackElo "2002"]
[Annotator "NA"]
[PlyCount "56"]
[EventDate "2019.06.21"]
[EventType "swiss"]
[EventCountry "NOR"]
[SourceTitle "playchess.com"]
[Source "ChessBase"]
[SourceQuality "1"]
[TimeControl "40/5400+30:1800+30"]

1. e4 {[%emt 0:00:00]} c5 {[%emt 0:00:00]} 2. Nc3 {[%emt 0:00:00]} Nc6 {[%emt 0:00:00]} 3. Bb5 {[%emt 0:00:00]} g6 {[%emt 0:02:29]} 4. Bxc6 {[%emt 0:00:43]} bxc6 {[%emt 0:00:11]} 5. f4 {[%emt 0:00:17]} Bg7 {[%emt 0:01:39]} 6. Nf3 {[%emt 0:00:44]} d5 {[%emt 0:00:13]} 7. d3 {[%emt 0:00:28]} Ba6 {[%emt 0:01:56]} 8. O-O {[%emt 0:02:24]} Bxc3 {[%emt 0:06:42]} 9. bxc3 {[%emt 0:00:23]} dxe4 {[%emt 0:00:19]} 10. Ne5 {[%emt 0:03:24]} f6 {[%emt 0:04:07]} 11. Ng4 {[%emt 0:02:17]} exd3 {[%emt 0:00:52]} 12. cxd3 {[%emt 0:00:22]} Qxd3 {[%emt 0:00:07]} 13. Qxd3 {[%emt 0:02:52]} Bxd3 {[%emt 0:01:07]} 14. Re1 {[%emt 0:00:16]} h5 {[%emt 0:08:35]} 15. Nf2 {[%emt 0:01:19]} Bf5 {[%emt 0:03:51]} 16. Ba3 {[%emt 0:02:13]} c4 {[%emt 0:18:23]} 17. Rad1 {[%emt 0:04:26]} Rd8 {[%emt 0:05:50]} 18. Ra1 {[%emt 0:04:55]} Kf7 {[%emt 0:03:19]} 19. Bc5 {[%emt 0:04:07]} a6 {[%emt 0:02:01]} 20. a3 {[%emt 0:04:09]} Rd7 {[%emt 0:01:31]} 21. Ra2 {[%emt 0:00:27]} Rd5 {[%emt 0:01:59]} 22. Bd4 {[%emt 0:04:58]} Nh6 {[%emt 0:01:25]} 23. h3 {[%emt 0:03:55]} Re8 {[%emt 0:01:37]} 24. Rb2 {[%emt 0:02:11]} e5 {[%emt 0:06:10]} 25. Rb7+ {[%emt 0:01:56]} Kg8 {[%emt 0:00:08]} 26. fxe5 {[%emt 0:00:25]} c5 {[%emt 0:00:18]} 27. Be3 {[%emt 0:00:48]} Rdxe5 {[%emt 0:00:26]} 28. Nd1 {[%emt 0:03:16]} Bc2 {[%emt 0:01:09]} 0-1

[Event "Nordic Chess-ch 2019"]
[Site "Sarpsborg"]
[Date "2019.06.22"]
[Round "3.26"]
[White "Kreken, Eivind Grunt"]
[Black "Holand, Per Fredrik"]
[Result "1-0"]
[WhiteElo "1784"]
[BlackElo "1883"]
[Annotator "NA"]
[PlyCount "89"]
[EventDate "2019.06.21"]
[EventType "swiss"]
[EventCountry "NOR"]
[SourceTitle "playchess.com"]
[Source "ChessBase"]
[SourceQuality "1"]
[TimeControl "40/5400+30:1800+30"]

1. d4 {[%emt 0:00:00]} Nf6 {[%emt 0:02:55]} 2. c4 {[%emt 0:00:00]} c5 {[%emt 0:01:09]} 3. d5 {[%emt 0:00:00]} e6 {[%emt 0:00:08]} 4. Nc3 {[%emt 0:00:13]} exd5 {[%emt 0:00:10]} 5. cxd5 {[%emt 0:00:09]} d6 {[%emt 0:00:08]} 6. e4 {[%emt 0:00:09]} g6 {[%emt 0:00:07]} 7. Bd3 {[%emt 0:00:16]} Bg7 {[%emt 0:00:14]} 8. h3 {[%emt 0:00:13]} O-O {[%emt 0:00:14]} 9. Nf3 {[%emt 0:00:11]} a6 {[%emt 0:00:52]} 10. a4 {[%emt 0:00:12]} Nbd7 {[%emt 0:01:48]} 11. O-O {[%emt 0:02:13]} Rb8 {[%emt 0:01:09]} 12. Bf4 {[%emt 0:13:00]} Ne8 {[%emt 0:01:50]} 13. Qc1 {[%emt 0:09:21]} Ne5 {[%emt 0:07:27]} 14. Nxe5 {[%emt 0:06:16]} dxe5 {[%emt 0:00:20]} 15. Be3 {[%emt 0:01:31]} b6 {[%emt 0:06:52]} 16. a5 {[%emt 0:00:46]} Nd6 {[%emt 0:05:05]} 17. axb6 {[%emt 0:00:54]} c4 {[%emt 0:00:16]} 18. Be2 {[%emt 0:02:19]} f5 {[%emt 0:00:15]} 19. f3 {[%emt 0:01:47]} Rxb6 {[%emt 0:26:09]} 20. Bxb6 {[%emt 0:04:50]} Qxb6+ {[%emt 0:00:05]} 21. Kh1 {[%emt 0:01:10]} Bd7 {[%emt 0:00:33]} 22. Qc2 {[%emt 0:09:18]} Bh6 {[%emt 0:06:22]} 23. Na4 {[%emt 0:02:23]} Qd8 {[%emt 0:03:04]} 24. Nc5 {[%emt 0:02:38]} Bc8 {[%emt 0:00:38]} 25. Bxc4 {[%emt 0:07:21]} Bf4 {[%emt 0:06:00]} 26. Ne6 {[%emt 0:02:06]} Bxe6 {[%emt 0:00:34]} 27. dxe6 {[%emt 0:00:18]} Kg7 {[%emt 0:01:13]} 28. Bd5 {[%emt 0:05:14]} Qg5 {[%emt 0:01:16]} 29. Qf2 {[%emt 0:02:00]} Be3 {[%emt 0:03:49]} 30. Qe2 {[%emt 0:02:24]} Bf4 {[%emt 0:02:11]} 31. g4 {[%emt 0:01:10]} h5 {[%emt 0:03:42]} 32. Qg2 {[%emt 0:01:35]} hxg4 {[%emt 0:10:23]} 33. fxg4 {[%emt 0:01:05]} Nxe4 {[%emt 0:02:18]} 34. Bxe4 {[%emt 0:01:01]} fxe4 {[%emt 0:00:05]} 35. Qxe4 {[%emt 0:00:42]} Qh4 {[%emt 0:01:16]} 36. Rf3 {[%emt 0:02:38]} Rd8 {[%emt 0:04:15]} 37. e7 {[%emt 0:01:51]} Qxe7 {[%emt 0:00:27]} 38. Rxa6 {[%emt 0:09:53]} Rd6 {[%emt 0:02:35]} 39. Rxd6 {[%emt 0:01:35]} Qxd6 {[%emt 0:00:06]} 40. Rd3 {[%emt 0:01:35]} Qc7 {[%emt 0:00:37]} 41. Rc3 {[%emt 0:31:41]} Qd7 {[%emt 0:30:49]} 42. Rc2 {[%emt 0:03:16]} Qb5 {[%emt 0:00:00]} 43. Qf3 {[%emt 0:00:00]} Qb4 {[%emt 0:00:00]} 44. Kg2 {[%emt 0:00:00]} Qb6 {[%emt 0:00:00]} 45. h4 {[%emt 0:00:00]} 1-0

[Event "Nordic Chess-ch 2019"]
[Site "Sarpsborg"]
[Date "2019.06.22"]
[Round "3.27"]
[White "Eiding, Amanda Mai Irgens"]
[Black "Hanebuth, Katja"]
[Result "0-1"]
[WhiteElo "1655"]
[BlackElo "1463"]
[Annotator "NA"]
[PlyCount "132"]
[EventDate "2019.06.21"]
[EventType "swiss"]
[EventCountry "NOR"]
[SourceTitle "playchess.com"]
[Source "ChessBase"]
[SourceQuality "1"]
[TimeControl "40/5400+30:1800+30"]

1. e4 {[%emt 0:00:00]} d5 {[%emt 0:00:39]} 2. exd5 {[%emt 0:00:00]} Qxd5 {[%emt 0:00:10]} 3. Nc3 {[%emt 0:00:00]} Qd6 {[%emt 0:00:48]} 4. d4 {[%emt 0:00:05]} Nf6 {[%emt 0:00:31]} 5. Nf3 {[%emt 0:00:13]} e6 {[%emt 0:02:32]} 6. Nb5 {[%emt 0:02:07]} Qd8 {[%emt 0:01:32]} 7. Bf4 {[%emt 0:02:34]} Bd6 {[%emt 0:04:15]} 8. Qd2 {[%emt 0:03:44]} a6 {[%emt 0:04:53]} 9. Nxd6+ {[%emt 0:05:31]} cxd6 {[%emt 0:00:19]} 10. g3 {[%emt 0:08:19]} Nc6 {[%emt 0:07:18]} 11. Bg2 {[%emt 0:00:49]} Ne4 {[%emt 0:07:12]} 12. Qd3 {[%emt 0:02:57]} Qa5+ {[%emt 0:03:38]} 13. Bd2 {[%emt 0:03:01]} Nxd2 {[%emt 0:00:28]} 14. Nxd2 {[%emt 0:01:03]} d5 {[%emt 0:05:40]} 15. O-O {[%emt 0:00:36]} O-O {[%emt 0:03:54]} 16. c4 {[%emt 0:00:55]} Qd8 {[%emt 0:02:45]} 17. Rad1 {[%emt 0:04:12]} Nb4 {[%emt 0:02:18]} 18. Qb3 {[%emt 0:02:49]} Nc6 {[%emt 0:04:03]} 19. cxd5 {[%emt 0:02:19]} Nxd4 {[%emt 0:01:54]} 20. Qc4 {[%emt 0:00:11]} e5 {[%emt 0:00:54]} 21. Nb3 {[%emt 0:03:19]} b5 {[%emt 0:01:37]} 22. Qd3 {[%emt 0:04:22]} Bf5 {[%emt 0:01:56]} 23. Qe3 {[%emt 0:01:15]} Nxb3 {[%emt 0:04:44]} 24. Qxb3 {[%emt 0:00:58]} e4 {[%emt 0:01:25]} 25. Rfe1 {[%emt 0:00:27]} Re8 {[%emt 0:01:24]} 26. Rd4 {[%emt 0:00:54]} Qa5 {[%emt 0:11:38]} 27. Qb4 {[%emt 0:06:53]} Qxb4 {[%emt 0:03:15]} 28. Rxb4 {[%emt 0:00:12]} Rad8 {[%emt 0:00:17]} 29. g4 {[%emt 0:05:24]} Bg6 {[%emt 0:07:51]} 30. Rd4 {[%emt 0:00:33]} f5 {[%emt 0:02:04]} 31. gxf5 {[%emt 0:00:50]} Bxf5 {[%emt 0:00:11]} 32. Re3 {[%emt 0:00:23]} Rc8 {[%emt 0:02:13]} 33. Bxe4 {[%emt 0:01:31]} Rc1+ {[%emt 0:01:13]} 34. Kg2 {[%emt 0:00:11]} Bxe4+ {[%emt 0:03:03]} 35. Rdxe4 {[%emt 0:02:27]} Rxe4 {[%emt 0:00:18]} 36. Rxe4 {[%emt 0:00:05]} Kf7 {[%emt 0:00:40]} 37. Kf3 {[%emt 0:03:22]} Rd1 {[%emt 0:01:46]} 38. Re6 {[%emt 0:00:16]} Rxd5 {[%emt 0:00:31]} 39. Rxa6 {[%emt 0:00:08]} Rh5 {[%emt 0:02:26]} 40. Ra5 {[%emt 0:01:27]} Ke6 {[%emt 0:01:10]} 41. a4 {[%emt 0:30:19]} Rf5+ {[%emt 0:30:39]} 42. Ke2 {[%emt 0:02:38]} bxa4 {[%emt 0:02:35]} 43. Rxa4 {[%emt 0:07:24]} Rh5 {[%emt 0:00:33]} 44. Re4+ {[%emt 0:07:00]} Kd5 {[%emt 0:01:33]} 45. Kd3 {[%emt 0:00:10]} Rxh2 {[%emt 0:00:46]} 46. Rf4 {[%emt 0:00:34]} h6 {[%emt 0:00:00]} 47. b4 {[%emt 0:00:00]} Rh3+ {[%emt 0:00:00]} 48. f3 {[%emt 0:00:00]} g5 {[%emt 0:00:00]} 49. Rd4+ {[%emt 0:00:00]} Kc6 {[%emt 0:00:00]} 50. Ke3 {[%emt 0:00:00]} Rh2 {[%emt 0:00:00]} 51. Re4 {[%emt 0:00:00]} Kd5 {[%emt 0:00:00]} 52. Rd4+ {[%emt 0:00:00]} Ke6 {[%emt 0:00:00]} 53. Rc4 {[%emt 0:00:00]} h5 {[%emt 0:00:00]} 54. Rc5 {[%emt 0:00:00]} Kf6 {[%emt 0:00:00]} 55. b5 {[%emt 0:00:00]} h4 {[%emt 0:00:00]} 56. b6 {[%emt 0:00:00]} Rb2 {[%emt 0:00:00]} 57. Rc6+ {[%emt 0:00:00]} Kf5 {[%emt 0:00:00]} 58. Rc5+ {[%emt 0:00:00]} Kg6 {[%emt 0:00:00]} 59. Rc6+ {[%emt 0:00:00]} Kh5 {[%emt 0:00:00]} 60. Kd4 {[%emt 0:00:00]} h3 {[%emt 0:00:00]} 61. Rc7 {[%emt 0:00:00]} Rxb6 {[%emt 0:00:00]} 62. Rc2 {[%emt 0:00:00]} Rb4+ {[%emt 0:00:00]} 63. Ke3 {[%emt 0:00:00]} Rf4 {[%emt 0:00:00]} 64. Rh2 {[%emt 0:00:00]} Kh4 {[%emt 0:00:00]} 65. Kf2 {[%emt 0:00:00]} g4 {[%emt 0:00:00]} 66. Ke2 {[%emt 0:00:00]} g3 {[%emt 0:00:00]} 0-1

[Event "Nordic Chess-ch 2019"]
[Site "Sarpsborg"]
[Date "2019.06.22"]
[Round "3.28"]
[White "Berisha, Xhafer"]
[Black "Skaar, Ben Samuel Groth"]
[Result "0-1"]
[WhiteElo "1340"]
[BlackElo "1362"]
[Annotator "NA"]
[PlyCount "137"]
[EventDate "2019.06.21"]
[EventType "swiss"]
[EventCountry "NOR"]
[SourceTitle "playchess.com"]
[Source "ChessBase"]
[SourceQuality "1"]
[TimeControl "40/5400+30:1800+30"]

1. e3 {[%emt 0:04:59]} e5 {[%emt 0:04:04]} 2. c4 {[%emt 0:00:18]} Nc6 {[%emt 0:00:11]} 3. Nc3 {[%emt 0:00:17]} g6 {[%emt 0:00:18]} 4. Nf3 {[%emt 0:00:35]} Bg7 {[%emt 0:00:07]} 5. Be2 {[%emt 0:00:54]} Nf6 {[%emt 0:00:10]} 6. d3 {[%emt 0:00:50]} d6 {[%emt 0:00:10]} 7. Qa4 {[%emt 0:00:42]} Bd7 {[%emt 0:00:19]} 8. Qc2 {[%emt 0:00:33]} a6 {[%emt 0:01:30]} 9. b4 {[%emt 0:01:52]} Nxb4 {[%emt 0:00:30]} 10. Qb3 {[%emt 0:00:30]} Nc6 {[%emt 0:00:30]} 11. O-O {[%emt 0:00:30]} Rb8 {[%emt 0:00:30]} 12. e4 {[%emt 0:00:30]} O-O {[%emt 0:00:30]} 13. Nd5 {[%emt 1:24:00]} Bg4 {[%emt 0:03:30]} 14. Bg5 {[%emt 0:00:00]} Bxf3 {[%emt 0:01:53]} 15. Bxf3 {[%emt 0:00:00]} Nd4 {[%emt 0:01:33]} 16. Qd1 {[%emt 0:00:00]} c6 {[%emt 0:00:11]} 17. Ne3 {[%emt 0:00:00]} Ne6 {[%emt 0:00:54]} 18. Bh4 {[%emt 0:00:00]} Qc7 {[%emt 0:01:46]} 19. Ng4 {[%emt 0:00:00]} Nxg4 {[%emt 0:02:39]} 20. Bxg4 {[%emt 0:00:00]} Nd4 {[%emt 0:02:56]} 21. Rb1 {[%emt 0:00:00]} f5 {[%emt 0:01:53]} 22. exf5 {[%emt 0:00:00]} Nxf5 {[%emt 0:00:27]} 23. Bg3 {[%emt 0:00:00]} Nxg3 {[%emt 0:00:32]} 24. hxg3 {[%emt 0:00:00]} Rf6 {[%emt 0:02:54]} 25. Bf3 {[%emt 0:00:00]} Qd7 {[%emt 0:02:52]} 26. a4 {[%emt 0:00:00]} Rff8 {[%emt 0:04:06]} 27. Bg4 {[%emt 0:00:00]} Qc7 {[%emt 0:00:47]} 28. Qd2 {[%emt 0:00:00]} b5 {[%emt 0:02:34]} 29. axb5 {[%emt 0:00:00]} axb5 {[%emt 0:00:30]} 30. Be6+ {[%emt 0:00:00]} Kh8 {[%emt 0:00:14]} 31. Qe3 {[%emt 0:00:00]} bxc4 {[%emt 0:04:11]} 32. dxc4 {[%emt 0:00:00]} Rxb1 {[%emt 0:01:05]} 33. Rxb1 {[%emt 0:00:00]} Qe7 {[%emt 0:00:34]} 34. Bg4 {[%emt 0:00:00]} d5 {[%emt 0:00:26]} 35. Qb6 {[%emt 0:00:00]} Qf7 {[%emt 0:02:12]} 36. Rf1 {[%emt 0:00:00]} Qe8 {[%emt 0:03:03]} 37. Ra1 {[%emt 0:00:00]} dxc4 {[%emt 0:02:13]} 38. Rc1 {[%emt 0:00:00]} Qf7 {[%emt 0:01:06]} 39. Rc2 {[%emt 0:00:00]} Qd5 {[%emt 0:00:45]} 40. Re2 {[%emt 0:00:00]} e4 {[%emt 0:05:15]} 41. Qb1 {[%emt 0:00:00]} Qd3 {[%emt 0:31:52]} 42. Qe1 {[%emt 0:00:00]} Rb8 {[%emt 0:00:49]} 43. Qa5 {[%emt 0:00:00]} Qd5 {[%emt 0:04:35]} 44. Qc7 {[%emt 0:00:00]} Be5 {[%emt 0:04:06]} 45. Qe7 {[%emt 0:00:00]} h5 {[%emt 0:00:51]} 46. Bh3 {[%emt 0:00:00]} c3 {[%emt 0:15:13]} 47. Kh2 {[%emt 0:00:00]} Rb2 {[%emt 0:02:34]} 48. Re1 {[%emt 0:00:00]} Rxf2 {[%emt 0:06:38]} 49. Be6 {[%emt 0:00:00]} Qd6 {[%emt 0:01:58]} 50. Qxd6 {[%emt 0:00:00]} Bxd6 {[%emt 0:00:06]} 51. Rxe4 {[%emt 0:00:00]} c2 {[%emt 0:00:51]} 52. Rc4 {[%emt 0:00:00]} Ba3 {[%emt 0:00:10]} 53. Rxc6 {[%emt 0:00:00]} c1=Q {[%emt 0:00:07]} 54. Rxc1 {[%emt 0:00:00]} Bxc1 {[%emt 0:00:07]} 55. Bd5 {[%emt 0:00:00]} Kg7 {[%emt 0:00:31]} 56. Bf3 {[%emt 0:00:00]} Ba3 {[%emt 0:00:47]} 57. Kh3 {[%emt 0:00:00]} Bd6 {[%emt 0:00:29]} 58. g4 {[%emt 0:00:00]} hxg4+ {[%emt 0:01:45]} 59. Kxg4 {[%emt 0:00:00]} Rc2 {[%emt 0:01:01]} 60. Ba8 {[%emt 0:00:00]} Rc4+ {[%emt 0:00:53]} 61. Kf3 {[%emt 0:00:00]} g5 {[%emt 0:00:45]} 62. Be4 {[%emt 0:00:00]} Kf6 {[%emt 0:00:30]} 63. Ke3 {[%emt 0:00:00]} Ke5 {[%emt 0:00:33]} 64. Bg6 {[%emt 0:00:00]} Bc5+ {[%emt 0:00:57]} 65. Kd3 {[%emt 0:00:00]} Rg4 {[%emt 0:00:16]} 66. Bh5 {[%emt 0:00:37]} Rxg2 {[%emt 0:00:13]} 67. Kc4 {[%emt 0:00:55]} Ba7 {[%emt 0:00:19]} 68. Bf3 {[%emt 0:00:12]} Rf2 {[%emt 0:00:39]} 69. Ba8 {[%emt 0:07:51]} 0-1

[Event "Nordic Chess-ch 2019"]
[Site "Sarpsborg"]
[Date "2019.06.22"]
[Round "3.29"]
[White "Nordtug, Per Oistein"]
[Black "Strand, Vetle Bjorge"]
[Result "0-1"]
[WhiteElo "1456"]
[BlackElo "1609"]
[Annotator "NA"]
[PlyCount "116"]
[EventDate "2019.06.21"]
[EventType "swiss"]
[EventCountry "NOR"]
[SourceTitle "playchess.com"]
[Source "ChessBase"]
[SourceQuality "1"]
[TimeControl "40/5400+30:1800+30"]

1. c4 {[%emt 0:00:00]} c5 {[%emt 0:00:00]} 2. g3 {[%emt 0:00:19]} g6 {[%emt 0:00:01]} 3. Bg2 {[%emt 0:00:12]} Bg7 {[%emt 0:00:06]} 4. Nc3 {[%emt 0:00:15]} Nc6 {[%emt 0:00:18]} 5. e3 {[%emt 0:00:12]} Nf6 {[%emt 0:00:14]} 6. Nge2 {[%emt 0:00:13]} O-O {[%emt 0:00:18]} 7. O-O {[%emt 0:00:14]} d6 {[%emt 0:00:24]} 8. b3 {[%emt 0:01:31]} Bf5 {[%emt 0:01:31]} 9. Bb2 {[%emt 0:00:31]} Qd7 {[%emt 0:06:44]} 10. d4 {[%emt 0:05:02]} cxd4 {[%emt 0:00:58]} 11. exd4 {[%emt 0:01:26]} Nb4 {[%emt 0:09:08]} 12. a3 {[%emt 0:07:25]} Nd3 {[%emt 0:02:29]} 13. Qd2 {[%emt 0:00:08]} Nxb2 {[%emt 0:00:07]} 14. Qxb2 {[%emt 0:00:05]} Bh3 {[%emt 0:03:33]} 15. Rad1 {[%emt 0:02:12]} Bxg2 {[%emt 0:00:15]} 16. Kxg2 {[%emt 0:00:16]} Rac8 {[%emt 0:05:20]} 17. Rfe1 {[%emt 0:01:18]} Nh5 {[%emt 0:02:52]} 18. c5 {[%emt 0:03:37]} Qc6+ {[%emt 0:03:20]} 19. Kg1 {[%emt 0:08:16]} dxc5 {[%emt 0:01:44]} 20. d5 {[%emt 0:00:09]} Qd7 {[%emt 0:01:49]} 21. Qc2 {[%emt 0:02:17]} Rfd8 {[%emt 0:02:57]} 22. Ne4 {[%emt 0:02:45]} Nf6 {[%emt 0:12:35]} 23. N2c3 {[%emt 0:10:37]} b6 {[%emt 0:09:41]} 24. Qd3 {[%emt 0:07:29]} Qf5 {[%emt 0:11:57]} 25. Nxf6+ {[%emt 0:10:30]} Qxf6 {[%emt 0:00:51]} 26. Ne4 {[%emt 0:05:15]} Qf5 {[%emt 0:06:02]} 27. a4 {[%emt 0:04:01]} Bd4 {[%emt 0:01:48]} 28. Qc4 {[%emt 0:01:32]} Qxd5 {[%emt 0:01:24]} 29. Nd2 {[%emt 0:02:16]} Qxc4 {[%emt 0:02:20]} 30. Nxc4 {[%emt 0:00:37]} Kf8 {[%emt 0:00:44]} 31. Kg2 {[%emt 0:00:24]} Bc3 {[%emt 0:01:32]} 32. Rxd8+ {[%emt 0:00:40]} Rxd8 {[%emt 0:00:14]} 33. Re2 {[%emt 0:00:28]} Rd3 {[%emt 0:01:37]} 34. Re3 {[%emt 0:01:16]} Rxe3 {[%emt 0:00:14]} 35. Nxe3 {[%emt 0:00:04]} e6 {[%emt 0:00:31]} 36. Kf3 {[%emt 0:00:11]} Ke7 {[%emt 0:00:26]} 37. h3 {[%emt 0:00:29]} Bd4 {[%emt 0:00:36]} 38. Nc4 {[%emt 0:01:00]} e5 {[%emt 0:02:02]} 39. Ke2 {[%emt 0:02:47]} Ke6 {[%emt 0:01:28]} 40. Nd2 {[%emt 0:01:19]} f5 {[%emt 0:00:46]} 41. f3 {[%emt 0:31:06]} Kd5 {[%emt 0:32:44]} 42. g4 {[%emt 0:01:31]} e4 {[%emt 0:02:30]} 43. Nb1 {[%emt 0:01:23]} Ke5 {[%emt 0:00:00]} 44. Na3 {[%emt 0:00:00]} Kf4 {[%emt 0:00:00]} 45. fxe4 {[%emt 0:00:00]} fxe4 {[%emt 0:00:00]} 46. Nb5 {[%emt 0:00:00]} a6 {[%emt 0:00:00]} 47. Nc7 {[%emt 0:00:00]} Kg3 {[%emt 0:00:00]} 48. Nxa6 {[%emt 0:00:00]} Kxh3 {[%emt 0:00:00]} 49. g5 {[%emt 0:00:00]} Kg4 {[%emt 0:00:00]} 50. Nc7 {[%emt 0:00:00]} Kxg5 {[%emt 0:00:00]} 51. Nd5 {[%emt 0:00:00]} c4 {[%emt 0:00:00]} 52. bxc4 {[%emt 0:00:00]} h5 {[%emt 0:00:00]} 53. Ne3 {[%emt 0:00:00]} h4 {[%emt 0:00:00]} 54. Nf1 {[%emt 0:00:00]} Kf4 {[%emt 0:00:00]} 55. Nd2 {[%emt 0:00:00]} h3 {[%emt 0:01:02]} 56. Nf1 {[%emt 0:00:00]} g5 {[%emt 0:00:25]} 57. Nh2 {[%emt 0:00:00]} g4 {[%emt 0:00:13]} 58. Nf1 {[%emt 0:00:00]} g3 {[%emt 0:00:30]} 0-1

[Event "Nordic Chess-ch 2019"]
[Site "Sarpsborg"]
[Date "2019.06.22"]
[Round "3.30"]
[White "Kro, Andreas Fuskeland"]
[Black "Kristiansen, Terje"]
[Result "1/2-1/2"]
[WhiteElo "1565"]
[BlackElo "1330"]
[Annotator "NA"]
[PlyCount "85"]
[EventDate "2019.06.21"]
[EventType "swiss"]
[EventCountry "NOR"]
[SourceTitle "playchess.com"]
[Source "ChessBase"]
[SourceQuality "1"]
[TimeControl "40/5400+30:1800+30"]

1. d4 {[%emt 0:00:00]} d5 {[%emt 0:00:00]} 2. c4 {[%emt 0:00:00]} c6 {[%emt 0:00:02]} 3. Nc3 {[%emt 0:00:00]} dxc4 {[%emt 0:01:51]} 4. e4 {[%emt 0:01:10]} b5 {[%emt 0:01:15]} 5. a4 {[%emt 0:00:57]} b4 {[%emt 0:01:15]} 6. Na2 {[%emt 0:00:59]} a5 {[%emt 0:03:15]} 7. Bxc4 {[%emt 0:03:04]} Ba6 {[%emt 0:01:32]} 8. Bxa6 {[%emt 0:03:56]} Nxa6 {[%emt 0:00:03]} 9. Nf3 {[%emt 0:02:08]} e6 {[%emt 0:03:54]} 10. O-O {[%emt 0:02:13]} Nf6 {[%emt 0:02:51]} 11. Re1 {[%emt 0:01:44]} Be7 {[%emt 0:01:27]} 12. Bf4 {[%emt 0:02:41]} O-O {[%emt 0:03:49]} 13. Nc1 {[%emt 0:09:08]} c5 {[%emt 0:00:46]} 14. Nb3 {[%emt 0:04:09]} c4 {[%emt 0:00:54]} 15. Nbd2 {[%emt 0:00:34]} c3 {[%emt 0:02:43]} 16. bxc3 {[%emt 0:02:15]} bxc3 {[%emt 0:00:08]} 17. Nb1 {[%emt 0:00:51]} Bb4 {[%emt 0:02:50]} 18. Qc2 {[%emt 0:06:47]} Rc8 {[%emt 0:01:39]} 19. Bg5 {[%emt 0:09:44]} Qc7 {[%emt 0:12:40]} 20. Bc1 {[%emt 0:09:46]} Rfd8 {[%emt 0:06:33]} 21. Na3 {[%emt 0:05:04]} Bxa3 {[%emt 0:04:38]} 22. Bxa3 {[%emt 0:00:10]} Nb4 {[%emt 0:00:13]} 23. Bxb4 {[%emt 0:00:05]} axb4 {[%emt 0:00:38]} 24. Rad1 {[%emt 0:07:36]} Qc4 {[%emt 0:03:20]} 25. Rb1 {[%emt 0:05:47]} Rb8 {[%emt 0:03:03]} 26. Qb3 {[%emt 0:02:13]} Rdc8 {[%emt 0:03:17]} 27. Qxc4 {[%emt 0:03:15]} Rxc4 {[%emt 0:00:10]} 28. Rb3 {[%emt 0:00:59]} c2 {[%emt 0:03:03]} 29. Rc1 {[%emt 0:01:10]} Nxe4 {[%emt 0:02:57]} 30. Ne1 {[%emt 0:00:35]} Rbc8 {[%emt 0:01:41]} 31. f3 {[%emt 0:01:49]} Nd2 {[%emt 0:00:41]} 32. Rb2 {[%emt 0:00:13]} b3 {[%emt 0:01:32]} 33. Kf2 {[%emt 0:01:40]} Rxa4 {[%emt 0:04:37]} 34. Ke2 {[%emt 0:00:17]} Rxd4 {[%emt 0:01:10]} 35. Nd3 {[%emt 0:00:38]} Nc4 {[%emt 0:04:42]} 36. Rxb3 {[%emt 0:00:52]} Na5 {[%emt 0:01:48]} 37. Ra3 {[%emt 0:03:51]} Nb7 {[%emt 0:00:43]} 38. Ra2 {[%emt 0:01:33]} Rdc4 {[%emt 0:00:15]} 39. Kd2 {[%emt 0:01:08]} Nd6 {[%emt 0:00:44]} 40. Raxc2 {[%emt 0:01:13]} Rxc2+ {[%emt 0:00:05]} 41. Rxc2 {[%emt 0:30:11]} Rxc2+ {[%emt 0:30:09]} 42. Kxc2 {[%emt 0:00:05]} Kf8 {[%emt 0:00:46]} 43. Kc3 {[%emt 0:09:00]} 1/2-1/2